| 000 | 01027cam a22002655a 4500 | ||
|---|---|---|---|
| 999 |
_c14778 _d14778 |
||
| 005 | 20181013143030.0 | ||
| 008 | 100705s2013 enka fr 000 0 eng d | ||
| 020 | _a9780194304801 | ||
| 020 | _a0194304809 | ||
| 040 |
_aEG-ScBUE _beng _cEG-ScBUE _dEG-ScBUE |
||
| 082 | 0 | 4 |
_a428.24076 _bHAN _222 |
| 100 | 1 |
_aHancock, Mark _915917 |
|
| 245 | 1 | 0 |
_aEnglish Result. _pIntermediate. _pStudent's Book / _cMark Hancock, Annie McDonald. |
| 260 |
_aOxford : _bOxford University Press, _c2013. |
||
| 300 |
_a159 p. : _bill. (col.) ; _c28 cm. |
||
| 650 | 7 |
_aEnglish language _vTextbooks for foreign speakers. _2BUEsh _913993 |
|
| 650 | 7 |
_aEnglish language _xSpoken English. _2BUEsh _936034 |
|
| 650 | 7 |
_aEnglish language _xStudy and teaching _xForeign speakers _2BUEsh |
|
| 651 | _2BUEsh | ||
| 653 |
_bHHUUEENN _cOctober2018 |
||
| 700 | 1 |
_aMcDonald, Annie. _915918 |
|
| 740 |
_aEnglish result. intermediate. _pStudent's book |
||
| 740 |
_aEnglish result. intermediate. _pWorkbook |
||
| 740 |
_aEnglish result. intermediate. _pTeacher's Book |
||